Statistics for Andorra in Eurovision - 12 points

Click here to take the quiz!

General Stats

  • This quiz has been taken 7 times
  • The average score is 10 of 12

Answer Stats

HintAnswer% Correct
2004Spain
100%
2005Spain
100%
2006Spain
100%
2008Spain
100%
2009Spain
100%
2007Ukraine
86%
2008 SFFinland
71%
2005 SFIsrael
71%
2004 SFPortugal
71%
2006 SFPortugal
71%
2007 SFPortugal
71%
2009 SFPortugal
71%

Score Distribution

Percentile by Number Answered

Percent of People with Each Score

Your Score History

You have not taken this quiz